Movies Quiz

Random Movies or Role Quiz
Score 0/20 Timer 10:00
1 Play Today
% Correct
Rami Malek
Bohemian Rhapsody
95.6%
Christian Bale
Vice
93.4%
Mahershala Ali
Green Book
92.1%
Lady Gaga
A Star Is Born
91.8%
Bradley Cooper
A Star Is Born
89.8%
Olivia Colman
The Favourite
87.2%
Viggo Mortensen
Green Book
86.5%
Emma Stone
The Favourite
84.2%
Willem Dafoe
At Eternity's Gate
83.5%
Yalitza Aparicio
Roma
82.7%
% Correct
Adam Driver
BlacKkKlansman
82.1%
Melissa McCarthy
Can You Ever Forgive Me?
80.2%
Glenn Close
The Wife
79.3%
Sam Elliott
A Star Is Born
78.1%
Amy Adams
Vice
77.4%
Richard E. Grant
Can You Ever Forgive Me?
76.8%
Sam Rockwell
Vice
75.5%
Regina King
If Beale Street Could Talk
73%
Rachel Weisz
The Favourite
72.2%
Marina de Tavira
Roma
66.1%
Remove Ads.
Support Sporcle.
Get the best of Sporcle when you Go Orange. This ad-free experience offers more features, more stats, and more fun while also helping to support Sporcle. Thank you for becoming a member.

You're not logged in!

Compare scores with friends on all Sporcle quizzes.
OR
Log In

Show Comments

Extras

Top Quizzes Today


Score Distribution

Your Account Isn't Verified!

In order to create a playlist on Sporcle, you need to verify the email address you used during registration. Go to your Sporcle Settings to finish the process.

Report this User

Report this user for behavior that violates our Community Guidelines.

Details: